The green consumer guide : (Record no. 3003)
[ view plain ]
| 000 -LEADER | |
|---|---|
| fixed length control field | 00622nam a22001937a 4500 |
| 001 - CONTROL NUMBER | |
| control field | 3003 |
| 003 - CONTROL NUMBER IDENTIFIER | |
| control field | BD-DhBUF |
| 005 - DATE AND TIME OF LATEST TRANSACTION | |
| control field | 20260218125020.0 |
| 008 - FIXED-LENGTH DATA ELEMENTS--GENERAL INFORMATION | |
| fixed length control field | 260218b bg ||||| |||| 00| 0 ben d |
| 020 ## - INTERNATIONAL STANDARD BOOK NUMBER | |
| International Standard Book Number | 0575041773 |
| 040 ## - CATALOGING SOURCE | |
| Original cataloging agency | BD-DhBUF |
| Transcribing agency | BD-DhBUF |
| 100 ## - MAIN ENTRY--PERSONAL NAME | |
| Personal name | Elkington, John |
| 9 (RLIN) | 25 |
| 245 ## - TITLE STATEMENT | |
| Title | The green consumer guide : |
| Statement of responsibility, etc. | John Elkington and Julia Hailes/ |
| Remainder of title | from shampoo to champagne high-street shopping for a better environment / |
| 260 ## - PUBLICATION, DISTRIBUTION, ETC. | |
| Place of publication, distribution, etc. | London : |
| Name of publisher, distributor, etc. | Victor Gollancz, |
| Date of publication, distribution, etc. | 1988. |
| 300 ## - PHYSICAL DESCRIPTION | |
| Extent | 342p. : |
| Dimensions | 19cm. ; |
| 650 ## - SUBJECT ADDED ENTRY--TOPICAL TERM | |
| Topical term or geographic name entry element | Consumer education - Great Britain |
| 9 (RLIN) | 512 |
| 700 ## - ADDED ENTRY--PERSONAL NAME | |
| Personal name | Hailes, Julia |
| 9 (RLIN) | 4334 |
| 942 ## - ADDED ENTRY ELEMENTS (KOHA) | |
| Source of classification or shelving scheme | Dewey Decimal Classification |
| Koha item type | Books |
| Withdrawn status | Lost status | Source of classification or shelving scheme | Damaged status | Not for loan | Home library | Current library | Date acquired | Total Checkouts | Full call number | Barcode | Date last seen | Copy number | Price effective from | Koha item type |
|---|---|---|---|---|---|---|---|---|---|---|---|---|---|---|
| Dewey Decimal Classification | BUFT Library | BUFT Library | 07/01/2001 | 640.73 E436g 1988 | 2001-0388 | 02/18/2026 | C-1 | 02/18/2026 | Books |
